00815cam a2200205 a 45000010009000000050017000090080041000260200024000670200024000910500024001150820018001392450145001572500012003022600050003143000027003645000059003916500026004507000052004767000081005281729305620260213123847.0120510s2012 enk b 001 0 eng  a9780749461065qpbk. a9780749461072qpbk.00aHF5549b.H7837 201200a658.3/12422300aInternational human resource development :blearning, education and training for individuals and organizations /c[edited by] John P Wilson. a3rd ed. aLondon ;aPhiladelphia :bKogan Page,cc2012. axxix, 502 p. ;c24 cm. aRev. ed. of: Human resource development. 2nd ed. 2005. 0aPersonnel management.1 aWilson, John P.q(John Peter),d1955 August 11-1 aWilson, John P.q(John Peter),d1955 August 11-tHuman resource development.